Stati per forma di governo - Monarchie assolute - Statistics

Statistiche generali
  • Questo quiz è stato fatto 103 volte
  • Il punteggio medio è 5 su 7
Statistiche sulle risposte
Continente Stato % Corretto
Asia Arabia Saudita
83%
Europa Città del Vaticano
76%
Asia Oman
76%
Asia Brunei
74%
Asia Qatar
74%
Asia Emirati Arabi Uniti
63%
Africa eSwatini
46%
Nessun quiz corrispondente trovato
Distribuzione punteggi
Percentuale di utenti per punteggio
Percentile per numero di risposta
I tuoi punteggi nel tempo
Non hai fatto questo quiz